The Strokes Lyrics - Life Is Simple in the Moonlight - Statistics

General Stats
  • This quiz has been taken 38 times
  • The average score is 223 of 262
Answer Stats
Lyrics % Correct
a
100%
about
100%
Don't
100%
don't
100%
felt
100%
for
100%
I
100%
jealous,
100%
jealous
100%
myself
100%
of
100%
on
100%
So
100%
so
100%
talk
100%
tell
100%
that
100%
the
100%
to
100%
To
100%
TV
100%
us
100%
was
100%
we
100%
well
100%
you
100%
and
95%
And
95%
Animals
95%
didn't
95%
disapprove
95%
forget
95%
Get
95%
get
95%
he
95%
He
95%
no
95%
once
95%
our
95%
out
95%
point
95%
point?
95%
some
95%
stop
95%
than
95%
they
95%
try
95%
way
95%
in
91%
love
91%
more
91%
never
91%
one
91%
singing
91%
wanna
91%
what
91%
what's
91%
As
86%
as
86%
at
86%
hell
86%
old
86%
ourselves
86%
There's
86%
eyes
82%
father
82%
go
82%
hear
82%
or
82%
part
82%
root
82%
see
82%
All
77%
alone
77%
closed
77%
coming
77%
door
77%
from
77%
her
77%
it
77%
phone
77%
Where
77%
work
77%
years
77%
better,
73%
better
73%
is
73%
Is
73%
man's
73%
oblivious
73%
secretly
73%
She
73%
stares
73%
truth
73%
wanted
73%
while
73%
addiction
68%
appear
68%
can
68%
down
68%
forty
68%
ghost
68%
jokes
68%
light
68%
living
68%
routine
68%
sees
68%
Universal
68%
watch
68%
we're
68%
It's
64%
thighs
64%
tree
64%
velvet
64%
blue
59%
lie
59%
pain
59%
rest
59%
your
59%
best
55%
fools
55%
Making
55%
moment's
55%
pretend
55%
drapes
50%
ears
50%
climb
45%
hide
41%
America
36%
robots
36%
today
36%
lightning
32%
really
32%
say
23%
Innocence
18%
itself
18%
just
18%
like
18%
Cornel
14%
crime
14%
Got
14%
might
14%
West
14%
No matching quizzes found
Score Distribution
Percent of People with Each Score
Percentile by Number Answered
Your Score History
You have not taken this quiz